000 00769nam a2200241 a 4500
001 000003418
005 20200929150433.0
008 910214s1998 sp 000 f spa d
020 _a8482382403
040 _aDO-SdBNP
_bspa
_cBNPHU
041 1 7 _aspa
_heng
082 _a813.54
_bW947c
100 1 _aWright, Laurali,
_d1939-2001
_910653
240 1 0 _aFall from grace.
_lEspañol.
245 1 0 _aCaída en picado /
_cL.R. Wright ; traducción de Gloria Mengual.
260 _aMadrid :
_bÁgata,
_c1998.
300 _a358 p. ;
_c22 cm.
534 _aTítulo original:
_tFall from grace
650 4 _aNovela británica
_910654
650 4 _aNovela policial
_zBritánica
_xFicción
_910655
650 4 _aLiteratura británica
_910656
700 1 _aMengual, Gloria,
_etr.
_910657
999 _c3248
_d3248